000 00740nam a2200205Ia 4500
003 GCL
008 140319s9999 xx 000 0 ara d
040 _aGCL /
_cGCL
082 0 4 _a935
_bس م
100 1 _aسليمان سعدون البدر
245 1 0 _aمنطقة الخليج العربى خلال الالفين الثانى والاول قبل الميلاد /
_cسليمان سعدون البدر
300 _a166 ص
490 _aدراسات فى تاريخ الشرق الادنى القديم
_v0
650 0 4 _aمصر القديمة
650 0 4 _aالتاريخ
650 0 4 _aالحضارة الاسلامية
650 0 4 _aالشرق القديم
650 0 4 _aالخليج العربى - تاريخ
942 _2ddc
_cBK
999 _c51657
_d51657